| 000 | 00530nam a22001697a 4500 | ||
|---|---|---|---|
| 999 |
_c8532 _d8532 |
||
| 008 | 201201b ||||| |||| 00| 0 eng d | ||
| 040 | _aBMS College of Architecture | ||
| 100 | _aU, Kavya | ||
| 245 | _aThe commune a mixed use development Bengaluru | ||
| 300 | _avii,48p. | ||
| 500 | _a1BM13AT030 | ||
| 502 |
_8B,Arch _NBMS College of Architecture, Visvesvaraya Technological University(VTU) _aProject report _d2017 |
||
| 650 | _aNA | ||
| 700 |
_aBhagyalaxmi Madapur _eGuide |
||
| 700 |
_aSwetha Gowri _eGuide |
||
| 942 |
_2ddc _cTHE |
||